The Togo Country Quiz - Statistics

General Stats
  • This quiz has been taken 6 times
  • The average score is 8 of 21
Answer Stats
Hint Answer % Correct
Countries bordering Benin
100%
Official language French
100%
Countries bordering Ghana
100%
Gulf bordering Gulf of {Guinea}
100%
Capital city Lomé
100%
Countries bordering Burkina Faso
83%
Currency {West} {African} CFA Franc
67%
Biggest African import partner Ivory Coast
50%
_____ bordering {Bight} of Benin
33%
Biggest export Cocoa beans
33%
National anthem Land of our {ancestors}
17%
Region bordering the ocean Maritime
17%
What “Togo” means Behind the river
0%
Person who won the first medal for the Togolese Olympics team in 2008 Benjamin Boukpeti
0%
Language “Togo” comes from (big language in Togo) Ewe
0%
President Faure Gnassingbé
0%
Second biggest city Kara
0%
Longest river {Mono} River
0%
Tallest mountain Mont {Agou}
0%
Third biggest city Sokodé
0%
Motto {Work}, Liberty, Homeland
0%
No matching quizzes found
Score Distribution
Percent of People with Each Score
Percentile by Number Answered
Your Score History
You have not taken this quiz